| 000 | 00359cam a2200145ua 4500 | ||
|---|---|---|---|
| 041 |
_ahin _h |
||
| 082 |
_a891.43 _bMAH/NA |
||
| 100 | _aMahitari, M . | ||
| 245 |
_aNaman ki kahani / _cM Mahitari. _hTextual Documents |
||
| 260 |
_aVaranasi : _bHindi Pracharak Pusthakalayam , _c1951. |
||
| 300 | _a32 ; . | ||
| 504 | _a | ||
| 942 | _cBK | ||
| 999 |
_c3654 _d3654 |
||